| 000 | 00378nam a2200145 a 4500 | ||
|---|---|---|---|
| 001 | 2578 | ||
| 003 | CDMR | ||
| 005 | 20130116135233.0 | ||
| 008 | 130130s1992||||||||||||||||||||||||||||d | ||
| 040 |
_aCDMR _bcat _cCPC GIRONA |
||
| 100 | 1 |
_aUrrutia, Jorge _91933 |
|
| 245 | 1 | 0 |
_aLiteratura y comunicación _cUrrutia, Jorge |
| 260 |
_c1992 _bInstituto de EspaĆ” Espasa Calpe |
||
| 942 | _cMON | ||
| 999 |
_c2578 _d2578 |
||